[Event "DVM U16 2015"]
[Site "Lingen (Ems) GER"]
[Date "2015.12.30"]
[Round "7"]
[White "Hartge, Gedeon"]
[Black "Rieper, Julian"]
[Result "1/2-1/2"]
[Termination "normal"]
[Board "3.1"]
[WhiteElo "1971"]
[BlackElo "2008"]
[WhiteClock "00:01:42"]
[BlackClock "00:02:47"]
[WhiteTeam "USV Volksbank Halle"]
[BlackTeam "SK Doppelbauer Kiel"]
[PlyCount "76"]
[WhiteFideId "12932116"]
[BlackFideId "12936960"]
[EventCountry "GER"]
[EventRounds "7"]
[EventType "team-swiss"]
[EventDate "2015.12.26"]

1. d4 {[%clk 1:30:58]} d5 {[%clk 1:30:51]} 2. c4 {[%clk 1:31:23]} dxc4 {[%clk
1:31:13]} 3. Nf3 {[%clk 1:31:47]} Nf6 {[%clk 1:31:24]} 4. e3 {[%clk 1:32:11]}
e6 {[%clk 1:31:34]} 5. Bxc4 {[%clk 1:32:26]} a6 {[%clk 1:32:00]} 6. O-O {[%clk
1:29:31]} Nbd7 {[%clk 1:30:49]} 7. b3 {[%clk 1:23:44]} c5 {[%clk 1:30:42]} 8.
Bb2 {[%clk 1:23:37]} Qc7 {[%clk 1:30:34]} 9. Nbd2 {[%clk 1:21:48]} b5 {[%clk
1:29:42]} 10. Bd3 {[%clk 1:20:56]} Bb7 {[%clk 1:29:58]} 11. Rc1 {[%clk
1:20:00]} Qb6 {[%clk 1:29:50]} 12. Re1 {[%clk 1:17:03]} Be7 {[%clk 1:29:26]}
13. Bb1 {[%clk 1:15:07]} O-O {[%clk 1:27:07]} 14. Qe2 {[%clk 1:12:16]} Rfd8
{[%clk 1:24:12]} 15. Red1 {[%clk 1:11:24]} Rac8 {[%clk 1:23:51]} 16. h3 {[%clk
0:55:22]} Ba8 {[%clk 1:09:02]} 17. Bd3 {[%clk 0:44:03]} Nd5 {[%clk 1:04:20]}
18. Bb1 {[%clk 0:42:35]} cxd4 {[%clk 0:56:10]} 19. Nxd4 {[%clk 0:38:02]} e5
{[%clk 0:49:00]} 20. Nf5 {[%clk 0:36:12]} Bf8 {[%clk 0:47:34]} 21. Nf3 {[%clk
0:28:48]} Rxc1 {[%clk 0:42:18]} 22. Rxc1 {[%clk 0:29:02]} g6 {[%clk 0:41:01]}
23. Ng3 {[%clk 0:27:09]} Qe6 {[%clk 0:38:40]} 24. Rd1 {[%clk 0:22:56]} Re8
{[%clk 0:36:17]} 25. Be4 {[%clk 0:17:35]} N5b6 {[%clk 0:28:54]} 26. Bxa8 {[%clk
0:15:14]} Rxa8 {[%clk 0:28:46]} 27. Qd2 {[%clk 0:12:56]} h6 {[%clk 0:24:54]}
28. Ne4 {[%clk 0:08:12]} b4 {[%clk 0:15:04]} 29. Qe2 {[%clk 0:06:35]} a5 {[%clk
0:14:06]} 30. Qb5 {[%clk 0:06:45]} f5 {[%clk 0:07:54]} 31. Ned2 {[%clk
0:05:16]} Rc8 {[%clk 0:07:04]} 32. Rc1 {[%clk 0:04:11]} Rxc1+ 33. Bxc1 a4
{[%clk 0:05:37]} 34. bxa4 {[%clk 0:01:45]} Qxa2 {[%clk 0:04:53]} 35. a5 {[%clk
0:02:14]} Qd5 {[%clk 0:02:50]} 36. Qa6 {[%clk 0:01:16]} Qa8 {[%clk 0:01:56]}
37. Qb5 {[%clk 0:01:25]} Qd5 {[%clk 0:02:21]} 38. Qa6 {[%clk 0:01:42]} Qa8
{[%clk 0:02:47]} 1/2-1/2

[Event "DVM U16 2015"]
[Site "Lingen (Ems) GER"]
[Date "2015.12.30"]
[Round "7"]
[White "Karlisch, Moritz"]
[Black "Gröbel, Aaron"]
[Result "1/2-1/2"]
[Termination "normal"]
[Board "3.2"]
[WhiteElo "1789"]
[BlackElo "1892"]
[WhiteClock "00:22:19"]
[BlackClock "00:44:08"]
[WhiteTeam "SK Doppelbauer Kiel"]
[BlackTeam "USV Volksbank Halle"]
[PlyCount "84"]
[WhiteFideId "12964859"]
[BlackFideId "12914851"]
[EventCountry "GER"]
[EventRounds "7"]
[EventType "team-swiss"]
[EventDate "2015.12.26"]

1. d4 {[%clk 1:30:57]} Nf6 {[%clk 1:30:54]} 2. Nf3 {[%clk 1:31:23]} c5 {[%clk
1:31:12]} 3. c4 {[%clk 1:31:10]} cxd4 {[%clk 1:31:35]} 4. Nxd4 {[%clk 1:31:34]}
e6 {[%clk 1:31:59]} 5. g3 {[%clk 1:30:54]} d5 {[%clk 1:32:01]} 6. Bg2 {[%clk
1:27:31]} e5 {[%clk 1:27:10]} 7. Nb3 {[%clk 1:20:25]} d4 {[%clk 1:22:32]} 8.
O-O {[%clk 1:17:38]} Nc6 {[%clk 1:19:03]} 9. e3 {[%clk 1:09:41]} dxe3 {[%clk
1:18:35]} 10. Qxd8+ {[%clk 1:04:59]} Kxd8 {[%clk 1:15:23]} 11. Bxe3 {[%clk
1:02:45]} Be6 {[%clk 1:15:05]} 12. N1d2 {[%clk 1:00:10]} Kc7 {[%clk 1:13:42]}
13. a3 {[%clk 0:46:58]} Be7 {[%clk 1:06:51]} 14. f4 {[%clk 0:38:50]} Ng4 {[%clk
1:02:02]} 15. Bc5 {[%clk 0:38:45]} Rad8 {[%clk 0:56:55]} 16. Bxe7 {[%clk
0:36:38]} Nxe7 {[%clk 0:54:48]} 17. Ne4 {[%clk 0:30:59]} Kb8 {[%clk 0:52:23]}
18. Rac1 {[%clk 0:22:53]} Ne3 {[%clk 0:48:19]} 19. Rf3 {[%clk 0:20:34]} Nxc4
{[%clk 0:46:25]} 20. Nbc5 {[%clk 0:19:51]} Bd5 {[%clk 0:44:12]} 21. Rfc3 {[%clk
0:16:46]} Nb6 {[%clk 0:43:06]} 22. fxe5 {[%clk 0:16:34]} Nc6 {[%clk 0:42:47]}
23. Nd6 {[%clk 0:15:23]} Nxe5 {[%clk 0:41:08]} 24. Ndxb7 {[%clk 0:11:45]} Bxb7
{[%clk 0:37:39]} 25. Bxb7 {[%clk 0:10:14]} Ned7 {[%clk 0:33:06]} 26. Ba6 {[%clk
0:08:52]} Nxc5 27. Rxc5 {[%clk 0:09:14]} Rd7 {[%clk 0:28:01]} 28. a4 {[%clk
0:09:18]} Rhd8 {[%clk 0:28:22]} 29. a5 {[%clk 0:08:50]} Rd1+ {[%clk 0:28:50]}
30. Rxd1 {[%clk 0:06:45]} Rxd1+ {[%clk 0:29:19]} 31. Kg2 {[%clk 0:06:40]} Rd5
{[%clk 0:28:47]} 32. Rxd5 {[%clk 0:06:08]} Nxd5 {[%clk 0:29:14]} 33. Bd3 {[%clk
0:05:55]} h6 {[%clk 0:28:58]} 34. Kf3 {[%clk 0:05:51]} Ne7 {[%clk 0:29:07]} 35.
Kf4 {[%clk 0:04:16]} Kc7 {[%clk 0:29:00]} 36. Bc4 {[%clk 0:03:46]} f6 {[%clk
0:29:19]} 37. h4 {[%clk 0:03:22]} Kd6 {[%clk 0:29:33]} 38. a6 {[%clk 0:02:46]}
Kc5 {[%clk 0:24:48]} 39. b3 {[%clk 0:01:55]} Kd4 {[%clk 0:25:13]} 40. Bf7
{[%clk 0:01:18]} Kc5 {[%clk 0:16:24]} 41. Ke4 {[%clk 0:27:48]} Kd6 {[%clk
0:44:08]} 42. b4 {[%clk 0:22:19]} Ke5+ 1/2-1/2

[Event "DVM U16 2015"]
[Site "Lingen (Ems) GER"]
[Date "2015.12.30"]
[Round "7"]
[White "Perekhozhuk, Maksym"]
[Black "Behringer, Tom"]
[Result "0-1"]
[Termination "normal"]
[Board "3.3"]
[WhiteElo "1875"]
[BlackElo "1788"]
[WhiteClock "00:10:27"]
[BlackClock "00:25:57"]
[WhiteTeam "USV Volksbank Halle"]
[BlackTeam "SK Doppelbauer Kiel"]
[PlyCount "82"]
[WhiteFideId "12914860"]
[BlackFideId "16203496"]
[EventCountry "GER"]
[EventRounds "7"]
[EventType "team-swiss"]
[EventDate "2015.12.26"]

1. e4 {[%clk 1:30:58]} e5 {[%clk 1:30:55]} 2. Nf3 {[%clk 1:31:14]} Nc6 {[%clk
1:31:19]} 3. Bc4 {[%clk 1:31:39]} Nf6 {[%clk 1:31:44]} 4. Ng5 {[%clk 1:31:44]}
d5 {[%clk 1:32:05]} 5. exd5 {[%clk 1:32:01]} Na5 {[%clk 1:32:28]} 6. Bb5+
{[%clk 1:32:24]} c6 {[%clk 1:32:52]} 7. dxc6 {[%clk 1:32:25]} bxc6 {[%clk
1:33:15]} 8. Bd3 {[%clk 1:32:23]} Nd5 {[%clk 1:26:31]} 9. Nf3 {[%clk 1:30:06]}
Bd6 {[%clk 1:24:38]} 10. O-O {[%clk 1:28:15]} O-O {[%clk 1:23:48]} 11. Re1
{[%clk 1:09:58]} Qe7 {[%clk 1:18:50]} 12. a3 {[%clk 1:08:45]} Nf4 {[%clk
1:13:59]} 13. b4 {[%clk 1:06:12]} Nxd3 {[%clk 1:13:31]} 14. cxd3 {[%clk
1:06:30]} Nb7 {[%clk 1:13:00]} 15. Bb2 {[%clk 1:05:43]} Bg4 {[%clk 1:08:24]}
16. Qe2 {[%clk 0:54:24]} a5 {[%clk 0:58:58]} 17. bxa5 {[%clk 0:48:33]} Rxa5
{[%clk 0:56:33]} 18. Qe4 {[%clk 0:46:48]} Bxf3 {[%clk 0:55:44]} 19. Qxf3 {[%clk
0:45:41]} Nc5 {[%clk 0:51:55]} 20. Bc3 {[%clk 0:42:17]} Ra6 {[%clk 0:50:42]}
21. d4 {[%clk 0:37:22]} e4 {[%clk 0:49:34]} 22. Qe2 {[%clk 0:35:15]} Nd3 {[%clk
0:48:10]} 23. Rf1 {[%clk 0:34:18]} f5 {[%clk 0:44:24]} 24. f3 {[%clk 0:27:52]}
Rfa8 {[%clk 0:36:56]} 25. fxe4 {[%clk 0:19:12]} fxe4 {[%clk 0:36:55]} 26. Ra2
{[%clk 0:17:25]} c5 {[%clk 0:31:27]} 27. Rc2 {[%clk 0:13:17]} Bxh2+ {[%clk
0:31:22]} 28. Kh1 {[%clk 0:10:03]} Qh4 {[%clk 0:31:11]} 29. g4 {[%clk 0:09:51]}
Bg3+ {[%clk 0:30:56]} 30. Kg1 {[%clk 0:10:12]} Rh6 {[%clk 0:31:19]} 31. Qg2
{[%clk 0:10:02]} Nf4 {[%clk 0:26:33]} 32. Rxf4 {[%clk 0:09:40]} Bxf4 {[%clk
0:26:35]} 33. d3 {[%clk 0:08:10]} Be3+ {[%clk 0:25:26]} 34. Kf1 {[%clk
0:08:13]} Rf8+ {[%clk 0:25:42]} 35. Ke2 {[%clk 0:08:22]} Rf2+ {[%clk 0:25:45]}
36. Kxe3 {[%clk 0:08:34]} Rxg2 {[%clk 0:26:07]} 37. Rxg2 {[%clk 0:08:59]} Qh3+
{[%clk 0:25:48]} 38. Kf2 {[%clk 0:09:21]} Rf6+ {[%clk 0:25:15]} 39. Kg1 {[%clk
0:09:44]} Qe3+ {[%clk 0:25:37]} 40. Kh1 {[%clk 0:10:02]} Rh6+ {[%clk 0:25:57]}
41. Rh2 {[%clk 0:10:27]} Qc1+ 0-1

[Event "DVM U16 2015"]
[Site "Lingen (Ems) GER"]
[Date "2015.12.30"]
[Round "7"]
[White "Arndt, Magnus"]
[Black "Schulte, Felix"]
[Result "1/2-1/2"]
[Termination "normal"]
[Board "3.4"]
[WhiteElo "1732"]
[BlackElo "1813"]
[WhiteClock "00:19:31"]
[BlackClock "00:12:55"]
[WhiteTeam "SK Doppelbauer Kiel"]
[BlackTeam "USV Volksbank Halle"]
[PlyCount "156"]
[WhiteFideId "12998656"]
[BlackFideId "12914800"]
[EventCountry "GER"]
[EventRounds "7"]
[EventType "team-swiss"]
[EventDate "2015.12.26"]

1. e4 {[%clk 1:30:58]} c5 {[%clk 1:30:55]} 2. Nf3 {[%clk 1:31:25]} e6 {[%clk
1:31:21]} 3. c3 {[%clk 1:31:51]} Nf6 4. Bd3 {[%clk 1:32:16]} d5 {[%clk
1:30:59]} 5. e5 {[%clk 1:32:23]} Nfd7 {[%clk 1:31:21]} 6. Bc2 {[%clk 1:32:44]}
c4 {[%clk 1:31:07]} 7. O-O {[%clk 1:32:29]} Nc6 {[%clk 1:31:32]} 8. Re1 {[%clk
1:32:53]} g5 {[%clk 1:30:52]} 9. d4 {[%clk 1:12:34]} cxd3 {[%clk 1:29:34]} 10.
Ba4 {[%clk 1:12:53]} h6 {[%clk 1:28:31]} 11. Qxd3 {[%clk 1:07:26]} Nc5 {[%clk
1:24:59]} 12. Bxc6+ {[%clk 1:07:45]} bxc6 {[%clk 1:25:26]} 13. Qc2 {[%clk
1:06:06]} Ba6 {[%clk 1:21:17]} 14. Be3 {[%clk 1:04:02]} Nd7 {[%clk 1:17:48]}
15. h3 {[%clk 0:59:56]} Qc7 {[%clk 1:14:51]} 16. Nbd2 {[%clk 0:53:27]} Bg7
{[%clk 1:13:13]} 17. c4 {[%clk 0:51:21]} Rc8 {[%clk 0:59:53]} 18. Rac1 {[%clk
0:50:48]} Nxe5 {[%clk 0:46:01]} 19. Nxe5 {[%clk 0:48:56]} Qxe5 {[%clk 0:31:26]}
20. cxd5 {[%clk 0:48:06]} Qxd5 {[%clk 0:30:56]} 21. Red1 {[%clk 0:22:02]} Be2
{[%clk 0:16:30]} 22. Nc4 {[%clk 0:22:00]} Qxc4 {[%clk 0:15:39]} 23. Qxc4 {[%clk
0:22:27]} Bxc4 {[%clk 0:16:08]} 24. Rxc4 {[%clk 0:22:49]} Bxb2 {[%clk 0:15:21]}
25. Rb1 {[%clk 0:17:13]} Be5 {[%clk 0:13:55]} 26. Bxa7 {[%clk 0:15:49]} O-O
{[%clk 0:10:20]} 27. Rbc1 {[%clk 0:12:43]} Rfd8 {[%clk 0:10:05]} 28. Be3 {[%clk
0:11:23]} Rd3 {[%clk 0:09:35]} 29. Kf1 {[%clk 0:11:04]} Ra3 {[%clk 0:08:42]}
30. R1c2 {[%clk 0:10:48]} Rca8 {[%clk 0:08:13]} 31. h4 {[%clk 0:08:42]} Rxa2
{[%clk 0:05:14]} 32. hxg5 {[%clk 0:08:10]} hxg5 {[%clk 0:04:49]} 33. Rxc6
{[%clk 0:07:00]} Rxc2 {[%clk 0:04:10]} 34. Rxc2 {[%clk 0:07:28]} f6 {[%clk
0:04:21]} 35. g3 {[%clk 0:05:45]} Ra4 {[%clk 0:04:08]} 36. Kg2 {[%clk 0:05:24]}
Kf7 {[%clk 0:04:23]} 37. Rc8 {[%clk 0:05:08]} Kg6 {[%clk 0:03:48]} 38. Rg8+
{[%clk 0:05:27]} Kf7 {[%clk 0:04:00]} 39. Rc8 {[%clk 0:05:43]} Kg6 {[%clk
0:04:26]} 40. Rg8+ {[%clk 0:06:07]} Kf5 {[%clk 0:03:53]} 41. Re8 {[%clk
0:02:40]} Bd4 {[%clk 0:01:16]} 42. Bxd4 Rxd4 43. Ra8 {[%clk 0:02:44]} Rd2
{[%clk 0:27:38]} 44. Ra4 {[%clk 0:33:23]} g4 {[%clk 0:23:12]} 45. Rb4 {[%clk
0:30:56]} Rd3 {[%clk 0:23:05]} 46. Rf4+ {[%clk 0:30:46]} Kg5 {[%clk 0:23:27]}
47. Ra4 {[%clk 0:30:55]} Rf3 {[%clk 0:23:36]} 48. Rb4 {[%clk 0:30:30]} f5
{[%clk 0:23:36]} 49. Ra4 {[%clk 0:30:38]} Rd3 {[%clk 0:23:11]} 50. Ra8 {[%clk
0:28:46]} Kf6 {[%clk 0:23:13]} 51. Ra5 {[%clk 0:28:52]} Rd5 {[%clk 0:23:24]}
52. Ra4 {[%clk 0:27:41]} Ke5 {[%clk 0:23:48]} 53. Rb4 {[%clk 0:25:12]} Rd4
{[%clk 0:24:01]} 54. Rb6 {[%clk 0:25:27]} Kd5 {[%clk 0:23:56]} 55. Rb8 {[%clk
0:24:00]} Ke4 {[%clk 0:24:05]} 56. Re8 {[%clk 0:23:26]} Rd6 {[%clk 0:24:29]}
57. Re7 {[%clk 0:22:59]} e5 {[%clk 0:21:21]} 58. Ra7 {[%clk 0:22:38]} Rd5
{[%clk 0:20:05]} 59. Ra3 {[%clk 0:22:21]} Rb5 {[%clk 0:19:57]} 60. Re3+ {[%clk
0:21:41]} Kd4 {[%clk 0:20:14]} 61. Ra3 {[%clk 0:21:12]} Rc5 {[%clk 0:20:01]}
62. Ra4+ {[%clk 0:20:44]} Rc4 {[%clk 0:20:14]} 63. Ra3 {[%clk 0:20:58]} Ke4
{[%clk 0:20:19]} 64. Re3+ {[%clk 0:21:17]} Kd5 {[%clk 0:20:43]} 65. Ra3 {[%clk
0:21:21]} Rd4 {[%clk 0:21:00]} 66. Re3 {[%clk 0:20:48]} Ke6 {[%clk 0:18:07]}
67. Ra3 {[%clk 0:20:50]} Kf6 {[%clk 0:18:19]} 68. Ra6+ {[%clk 0:20:48]} Kg5
{[%clk 0:18:05]} 69. Ra8 {[%clk 0:20:53]} Rd7 {[%clk 0:18:23]} 70. Ra6 {[%clk
0:20:46]} f4 {[%clk 0:16:18]} 71. gxf4+ {[%clk 0:20:34]} exf4 {[%clk 0:16:42]}
72. Ra8 {[%clk 0:20:17]} Rd5 {[%clk 0:16:56]} 73. Rh8 {[%clk 0:19:48]} Rd6
{[%clk 0:16:25]} 74. Rg8+ {[%clk 0:19:09]} Rg6 {[%clk 0:16:48]} 75. Rh8 {[%clk
0:19:38]} Rh6 {[%clk 0:16:43]} 76. Rg8+ {[%clk 0:19:45]} Kh4 {[%clk 0:17:03]}
77. Rg7 {[%clk 0:19:42]} f3+ {[%clk 0:17:19]} 78. Kh2 {[%clk 0:19:31]} Rh8
{[%clk 0:12:55]} 1/2-1/2

[Event "DVM U16 2015"]
[Site "Lingen (Ems) GER"]
[Date "2015.12.30"]
[Round "7"]
[White "Kasüschke, Lars"]
[Black "Kreyssig, Bruno"]
[Result "0-1"]
[Termination "normal"]
[Board "4.1"]
[WhiteElo "1892"]
[BlackElo "2049"]
[WhiteTeam "SG Schwäbisch Gmünd 1872"]
[BlackTeam "SG Leipzig"]
[PlyCount "66"]
[WhiteFideId "12939510"]
[BlackFideId "4692489"]
[EventCountry "GER"]
[EventRounds "7"]
[EventType "team-swiss"]
[EventDate "2015.12.26"]

1. c4 {[%emt 0:00:00]} Nf6 {[%emt 0:00:00]} 2. Nc3 c5 3. g3 d5 4. cxd5 Nxd5 5.
Bg2 Nc7 6. Nf3 Nc6 7. O-O e5 8. d3 Be7 9. Bd2 O-O 10. Rb1 Be6 11. a3 a5 12. Rc1
Rb8 13. Ne4 b6 14. Qc2 Rc8 15. b4 axb4 16. axb4 Nd4 17. Nxd4 cxd4 18. f4 exf4
19. gxf4 f5 20. Ng5 Bd5 21. Nf3 Nb5 22. Qb2 Qd6 23. Ne5 Bxg2 24. Kxg2 Qd5+ 25.
Kg1 Bf6 26. Nc4 Qe6 27. Rf2 Nc3 28. Be1 Rfe8 29. Kf1 b5 30. Na5 Qe3 31. Qb3+
Kh8 32. Qc2 h6 33. Qb2 Na4 0-1

[Event "DVM U16 2015"]
[Site "Lingen (Ems) GER"]
[Date "2015.12.30"]
[Round "7"]
[White "Hofmann, Timo"]
[Black "Reindl, Arno"]
[Result "1/2-1/2"]
[Termination "normal"]
[Board "4.2"]
[WhiteElo "1776"]
[BlackElo "1586"]
[WhiteTeam "SG Leipzig"]
[BlackTeam "SG Schwäbisch Gmünd 1872"]
[PlyCount "118"]
[WhiteFideId "12946044"]
[BlackFideId "12946729"]
[EventCountry "GER"]
[EventRounds "7"]
[EventType "team-swiss"]
[EventDate "2015.12.26"]

1. d4 Nf6 2. c4 c5 3. d5 b5 4. cxb5 a6 5. f3 axb5 6. e4 Qa5+ 7. Bd2 b4 8. Na3
d6 9. Nc4 Qc7 10. a3 bxa3 11. Rxa3 Rxa3 12. bxa3 g6 13. Ne2 Bg7 14. Nc3 Ba6 15.
Be2 O-O 16. O-O Nbd7 17. Qc2 Rb8 18. Rb1 Kf8 19. Ne3 Rxb1+ 20. Qxb1 Bxe2 21.
Nxe2 Ne8 22. Nc4 Ne5 23. Nxe5 Bxe5 24. Bh6+ Ng7 25. Kh1 Ke8 26. Qb5+ Kd8 27. a4
Qd7 28. Qb8+ Qc8 29. Qb6+ Qc7 30. Qb5 Ne8 31. Bd2 Qa7 32. Ba5+ Nc7 33. Qb6 Qxb6
34. Bxb6 Kc8 35. f4 Bb2 36. Kg1 Kb7 37. Ba5 Ba3 38. Kf2 Bb4 39. Bxb4 cxb4 40.
Nd4 Kb6 41. Nb3 Na6 42. Ke3 Nc5 43. Nxc5 Kxc5 44. Kd3 f5 45. e5 Kxd5 46. a5 Kc6
47. Kc4 d5+ 48. Kxb4 e6 49. h3 h6 50. h4 Kb7 51. Kb3 Ka6 52. Kb4 d4 53. Kc5
Kxa5 54. Kxd4 Kb5 55. Kd3 Kc5 56. Kc3 Kb5 57. Kb3 Kc5 58. Kc3 Kd5 59. Kd3 Kc5
1/2-1/2

[Event "DVM U16 2015"]
[Site "Lingen (Ems) GER"]
[Date "2015.12.30"]
[Round "7"]
[White "Knüpfer, Tim"]
[Black "Reindl, Knut"]
[Result "0-1"]
[Termination "normal"]
[Board "4.4"]
[WhiteElo "1592"]
[BlackElo "1697"]
[WhiteTeam "SG Leipzig"]
[BlackTeam "SG Schwäbisch Gmünd 1872"]
[PlyCount "78"]
[WhiteFideId "16217489"]
[BlackFideId "12946753"]
[EventCountry "GER"]
[EventRounds "7"]
[EventType "team-swiss"]
[EventDate "2015.12.26"]

1. e4 c5 2. Nf3 Nc6 3. d4 cxd4 4. Nxd4 d6 5. Nc3 g6 6. Be3 Bg7 7. f3 Nf6 8. Qd2
O-O 9. O-O-O Bd7 10. g4 a6 11. h4 Rc8 12. Nb3 Ne5 13. Be2 b5 14. h5 Nc4 15.
Bxc4 Rxc4 16. hxg6 fxg6 17. e5 Ne8 18. Qh2 h5 19. gxh5 Bxe5 20. f4 Rfxf4 21.
hxg6 Rh4 22. Qf2 Bf6 23. Nd2 Rcg4 24. Bg5 Rxh1 25. Rxh1 Rxg5 26. Nce4 Rxg6 27.
Qh2 Bf5 28. Nxf6+ Rxf6 29. Nf3 e6 30. Ng5 Kf8 31. Rf1 Qc8 32. Rxf5 Rxf5 33.
Qh8+ Ke7 34. Qh7+ Kd8 35. Nf7+ Rxf7 36. Qxf7 Qd7 37. Qf3 d5 38. Qa3 Qd6 39.
Qa5+ Nc7 0-1

[Event "DVM U16 2015"]
[Site "Lingen (Ems) GER"]
[Date "2015.12.30"]
[Round "7"]
[White "Oberhofer, Cédric"]
[Black "Schnabel, Bennett"]
[Result "1-0"]
[Termination "normal"]
[Board "5.1"]
[WhiteElo "2150"]
[BlackElo "2072"]
[WhiteTeam "SC Bavaria Regensburg 1881"]
[BlackTeam "SV Mattnetz Berlin"]
[PlyCount "103"]
[WhiteFideId "12941220"]
[BlackFideId "12943290"]
[EventCountry "GER"]
[EventRounds "7"]
[EventType "team-swiss"]
[EventDate "2015.12.26"]

1. e4 c5 2. Nf3 Nc6 3. d4 cxd4 4. Nxd4 g6 5. Nc3 Bg7 6. Be3 Nf6 7. Nxc6 bxc6 8.
e5 Ng8 9. f4 f6 10. e6 dxe6 11. Qf3 Bd7 12. Bc4 f5 13. Rd1 Qc8 14. Na4 Nf6 15.
Bd4 e5 16. Bxe5 Be6 17. Qb3 Bd5 18. Bxd5 cxd5 19. Bxf6 Bxf6 20. Qxd5 Rb8 21. c3
e6 22. Qf3 O-O 23. O-O Qc7 24. Rfe1 Rfe8 25. g3 Kh8 26. Rd2 e5 27. fxe5 Rxe5
28. Rde2 Rbe8 29. Rxe5 Rxe5 30. Rxe5 Qxe5 31. h4 g5 32. hxg5 Bxg5 33. Kg2 f4
34. gxf4 Bxf4 35. Qa8+ Kg7 36. Qxa7+ Kg6 37. Qb6+ Kf7 38. Qb7+ Kg6 39. Qc6+ Kf7
40. Qd7+ Kg6 41. Qc6+ Kf7 42. Qc4+ Kg6 43. Qd3+ Kh6 44. c4 Qg5+ 45. Kf1 Qe5 46.
c5 Kg5 47. Nc3 Kh4 48. Qxh7+ Kg4 49. Qg6+ Kh4 50. Qe4 Qb8 51. Ne2 Kh3 52. Qf3+
1-0

[Event "DVM U16 2015"]
[Site "Lingen (Ems) GER"]
[Date "2015.12.30"]
[Round "7"]
[White "Hesse, Henrik"]
[Black "Dechant, Georg"]
[Result "1/2-1/2"]
[Termination "normal"]
[Board "5.2"]
[WhiteElo "1916"]
[BlackElo "1993"]
[WhiteTeam "SV Mattnetz Berlin"]
[BlackTeam "SC Bavaria Regensburg 1881"]
[PlyCount "78"]
[WhiteFideId "12952060"]
[BlackFideId "12956716"]
[EventCountry "GER"]
[EventRounds "7"]
[EventType "team-swiss"]
[EventDate "2015.12.26"]

1. c4 e5 2. Nc3 Nf6 3. g3 d5 4. cxd5 Nxd5 5. Bg2 Nb6 6. Nf3 Nc6 7. O-O Be7 8.
d3 O-O 9. a3 Be6 10. b4 a5 11. b5 Nd4 12. Nxd4 exd4 13. Na4 Bd5 14. Nxb6 Bxg2
15. Nxa8 Bxf1 16. Qxf1 Qxa8 17. a4 b6 18. Qg2 Qxg2+ 19. Kxg2 Rc8 20. Ba3 Bxa3
21. Rxa3 c6 22. bxc6 Rxc6 23. Rb3 Kf8 24. Rb5 Ke7 25. h4 Rd6 26. Kf1 h6 27. Ke1
Kd7 28. Kd2 Kc6 29. e4 dxe3+ 30. fxe3 Rg6 31. Rf5 f6 32. Rf3 Rg4 33. e4 b5 34.
axb5+ Kxb5 35. Kc3 a4 36. Rf5+ Kc6 37. Rf3 Kb5 38. Rf5+ Kc6 39. Rf3 Kb5 1/2-1/2

[Event "DVM U16 2015"]
[Site "Lingen (Ems) GER"]
[Date "2015.12.30"]
[Round "7"]
[White "Sammet, Dominik"]
[Black "Acikel, Mert"]
[Result "0-1"]
[Termination "normal"]
[Board "5.3"]
[WhiteElo "1685"]
[BlackElo "1859"]
[WhiteTeam "SC Bavaria Regensburg 1881"]
[BlackTeam "SV Mattnetz Berlin"]
[PlyCount "135"]
[WhiteFideId "12987875"]
[BlackFideId "12956465"]
[EventCountry "GER"]
[EventRounds "7"]
[EventType "team-swiss"]
[EventDate "2015.12.26"]

1. e4 e5 2. Nf3 Nc6 3. Bb5 a6 4. Ba4 Nf6 5. O-O b5 6. Bb3 Be7 7. Re1 O-O 8. c3
d6 9. h3 Nb8 10. d4 Nbd7 11. d5 Re8 12. Nbd2 Bf8 13. Nf1 g6 14. Ng3 Bg7 15. Bc2
Bb7 16. a4 Qb8 17. b4 c6 18. Bb3 cxd5 19. exd5 Nb6 20. Ne4 Nbxd5 21. Nfg5 Re7
22. Bb2 h6 23. Nxf7 Rxf7 24. Nxf6+ Nxf6 25. Bxf7+ Kxf7 26. Qe2 Bc6 27. a5 Qb7
28. f3 Nh5 29. Rad1 Nf4 30. Qd2 Rd8 31. Bc1 Bf6 32. Qf2 Kg7 33. Bxf4 exf4 34.
Qd2 g5 35. Re6 d5 36. Qd3 Re8 37. Rde1 Rxe6 38. Rxe6 Bd7 39. Rd6 Be8 40. Rxd5
Qe7 41. Qd2 Bf7 42. Rd7 Qe5 43. Rd6 Qxc3 44. Qxc3 Bxc3 45. Rxa6 Bxb4 46. Ra8
Bc5+ 47. Kf1 b4 48. Rb8 b3 49. a6 Bc4+ 50. Ke1 Bxa6 51. Rxb3 Kg6 52. Rb8 Kh5
53. Rh8 Bd4 54. Rd8 Bc3+ 55. Kf2 Bb4 56. Re8 Bc4 57. Rc8 Bd5 58. Rc2 Kh4 59.
Kg1 Kg3 60. Kh1 Be1 61. Re2 Bf2 62. Rc2 Bb7 63. Ra2 Bc6 64. Rb2 Ba4 65. Rb4 Bd1
66. Rb2 Bxf3 67. gxf3 Kxf3 68. Rb6 0-1

[Event "DVM U16 2015"]
[Site "Lingen (Ems) GER"]
[Date "2015.12.30"]
[Round "7"]
[White "Petersen, Marcel"]
[Black "Oberhofer, Marie"]
[Result "1/2-1/2"]
[Termination "normal"]
[Board "5.4"]
[WhiteElo "1608"]
[BlackElo "1602"]
[WhiteTeam "SV Mattnetz Berlin"]
[BlackTeam "SC Bavaria Regensburg 1881"]
[PlyCount "99"]
[WhiteFideId "12935670"]
[BlackFideId "12938165"]
[EventCountry "GER"]
[EventRounds "7"]
[EventType "team-swiss"]
[EventDate "2015.12.26"]

1. e4 c5 2. Nf3 d6 3. d4 cxd4 4. Nxd4 Nf6 5. Nc3 g6 6. Be3 Bg7 7. f3 O-O 8. Bc4
Nc6 9. Qd2 Bd7 10. O-O-O Rc8 11. Bb3 Ne5 12. Kb1 a6 13. Bh6 b5 14. h4 Rc5 15.
Bxg7 Kxg7 16. h5 Rh8 17. hxg6 hxg6 18. Qc1 Rxh1 19. Rxh1 Ng8 20. Qf4 Nc4 21.
Bxc4 bxc4 22. Qg3 Nf6 23. f4 Rh5 24. Rxh5 Nxh5 25. Qe3 Qh8 26. e5 Kf8 27. exd6
exd6 28. Nd5 Kg7 29. a3 Qe8 30. Qxe8 Bxe8 31. f5 Bd7 32. fxg6 Kxg6 33. Nb6 Nf6
34. Nxc4 Ne4 35. Kc1 Kg5 36. Kd1 Kg4 37. Ke1 Kg3 38. Kf1 Bc8 39. Kg1 Be6 40.
Ne3 Kf4 41. Nd1 Nd2 42. Nf2 Bd5 43. b3 Nb1 44. c4 Bb7 45. a4 Nd2 46. c5 dxc5
47. Nd3+ Ke4 48. Nxc5+ Kxd4 49. Nxb7 Nxb3 50. Nd6 1/2-1/2

[Event "DVM U16 2015"]
[Site "Lingen (Ems) GER"]
[Date "2015.12.30"]
[Round "7"]
[White "Grohmann, Alexander"]
[Black "Gschnitzer, Adrian"]
[Result "0-1"]
[Termination "normal"]
[Board "6.1"]
[WhiteElo "1753"]
[BlackElo "2126"]
[WhiteTeam "FVS ASP Hoyerswerda"]
[BlackTeam "SV 1947 Walldorf"]
[PlyCount "52"]
[WhiteFideId "12947679"]
[BlackFideId "1270337"]
[EventCountry "GER"]
[EventRounds "7"]
[EventType "team-swiss"]
[EventDate "2015.12.26"]

1. d4 d5 2. c4 e6 3. Nc3 Nf6 4. cxd5 exd5 5. Bg5 Nbd7 6. e3 c6 7. Qc2 Be7 8.
Bd3 Nh5 9. Bxe7 Qxe7 10. Nf3 Nf4 11. O-O Nxd3 12. Qxd3 O-O 13. a3 Nb6 14. Nd2
Re8 15. b4 a6 16. Rfb1 Qg5 17. Rb2 Bf5 18. Qe2 Re6 19. Qf3 Rae8 20. a4 h5 21.
b5 axb5 22. axb5 Bg4 23. Qg3 h4 24. Qf4 Qxf4 25. exf4 Nc4 26. f5 Re1+ 0-1